书目信息 |
| 题名: |
双循环多级水幕反应器脱硫性能研究
|
|
| 作者: | 田立江 著 | |
| 分册: | ||
| 出版信息: | 徐州 中国矿业大学出版社 2022.01 |
|
| 页数: | 155页 | |
| 开本: | 24cm | |
| 丛书名: | ||
| 单 册: | ||
| 中图分类: | X701.3 | |
| 科图分类: | ||
| 主题词: | 烟气脱硫--yan qi tuo liu--湿法脱硫--水幕系统--反应器--研究 | |
| 电子资源: | ||
| ISBN: | 978-7-5646-4994-4 | |
| 000 | 01140nam0 2200241 450 | |
| 001 | 25430 | |
| 005 | 20220919094653.51 | |
| 010 | @a978-7-5646-4994-4@dCNY46.00 | |
| 100 | @a20220316d2022 em y0chiy50 ea | |
| 101 | 0 | @achi |
| 102 | @aCN@b320000 | |
| 105 | @aa a 000yy | |
| 200 | 1 | @a双循环多级水幕反应器脱硫性能研究@Ashuang xun huan duo ji shui mu fan ying qi tuo liu xing neng yan jiu@f田立江著 |
| 210 | @a徐州@c中国矿业大学出版社@d2022.01 | |
| 215 | @a155页@c图@d24cm | |
| 300 | @a国家级一流本科专业建设项目资助 中国矿业大学“十三五”品牌专业建设项目资助 | |
| 320 | @a有书目 (第144-155页) | |
| 330 | @a本书在参考国内外众多烟气脱硫实际应用案例和最新研究报道的基础上, 结合作者多年来对燃煤烟气脱硫技术的研究, 特别是石灰石-石膏湿法脱硫技术的研究与开发, 开展烟气脱硫方法和工艺研究, 从反应器设计、反应器流场模拟、烟气脱硫性能研究、添加剂强化脱硫性能研究、热湿交换性能研究、热态烟气脱硫性能及数学模型等方面进行了系统介绍。 | |
| 606 | 0 | @a烟气脱硫@Ayan qi tuo liu@x湿法脱硫@x水幕系统@x反应器@x研究 |
| 690 | @aX701.3@v5 | |
| 701 | 0 | @a田立江@Atian li jiang@4著 |
| 801 | 0 | @aCN@c20220910 |
| 905 | @a河南城建学院图书馆@dX701.3@eT630@f1 | |
| 双循环多级水幕反应器脱硫性能研究/田立江著.-徐州:中国矿业大学出版社,2022.01 |
| 155页:图;24cm |
| 国家级一流本科专业建设项目资助 中国矿业大学“十三五”品牌专业建设项目资助 |
| ISBN 978-7-5646-4994-4:CNY46.00 |
| 本书在参考国内外众多烟气脱硫实际应用案例和最新研究报道的基础上, 结合作者多年来对燃煤烟气脱硫技术的研究, 特别是石灰石-石膏湿法脱硫技术的研究与开发, 开展烟气脱硫方法和工艺研究, 从反应器设计、反应器流场模拟、烟气脱硫性能研究、添加剂强化脱硫性能研究、热湿交换性能研究、热态烟气脱硫性能及数学模型等方面进行了系统介绍。 |
| ● |
| 相关链接 |
|
|
|
正题名:双循环多级水幕反应器脱硫性能研究
索取号:X701.3/T630
 
预约/预借
| 序号 | 登录号 | 条形码 | 馆藏地/架位号 | 状态 | 备注 |
| 1 | 1576269 | 215762690 | 自科库501/501自科库 103排2列5层/ [索取号:X701.3/T630] | 在馆 |